Drop a W Quiz Stats

 Plays Quiz Updated Oct 22, 2015

Also try: Drop an A
Challenge
Share
Tweet
Embed
Score 0/15 Timer 03:00
10 Plays Today
% Correct
BRAWN
93.9%
CREWED
93.7%
WHOSE
93%
WHINGE
92.7%
WHOLLY
92.3%
WHEREBY
90.9%
WAXED
90.9%
CLOWNING
90.8%
% Correct
WHITHER
90.6%
WINNING
83.4%
DROWNED
82.6%
REWARM
79.8%
WHIPPED
73%
WROTE
69.3%
WRETCHED
63.4%

You're not logged in!

Compare scores with friends on all Sporcle quizzes.
Join for Free
OR
Log In

You Might Also Like...

Show Comments

Extras

Top Quizzes Today


Score Distribution

Your Account Isn't Verified!

In order to create a playlist on Sporcle, you need to verify the email address you used during registration. Go to your Sporcle Settings to finish the process.

Report this User

Report this user for behavior that violates our Community Guidelines.

Details: